| 000 | 00569cam a2200193ua 4500 | ||
|---|---|---|---|
| 020 |
_a81 7156 543 3 _c995.00 |
||
| 041 |
_aeng _h |
||
| 082 |
_a581 _bKAI/IN |
||
| 100 | _aKains, M G . | ||
| 245 |
_aIntroduction to plant science guide to seeds propagation of plants and green house management / _cM G Kains. _hTextual Documents |
||
| 260 |
_a : _bAtlantic publishers and distributers , _c1995. |
||
| 300 | _a639 ; . | ||
| 365 | _a995.00 | ||
| 500 | _a**Reference | ||
| 504 | _a | ||
| 700 | 1 | _aMcquesten , L M . | |
| 942 | _cBK | ||
| 999 |
_c10137 _d10137 |
||